000 01141nam a22003257a 4500
003 CHAP
005 20220329141640.0
008 971013s1985 r 00010 d
010 _a71653
011 _a72625
035 _a82181
040 _cCHAP
090 _aTesis
100 0 0 _aAguilar Ornelas, Juan Antonio.
_92790
245 _aInfluencia de tres sistemas de alimentación en la producción de leche de cabras criollas en Anahuac, Nuevo León
260 _aMonterrey, N.L. :
_bEl autor,
_c1985
300 _a59 h.
502 _aTesis (Ing. Agr. Esp. en Zootecnia) -- ITESM. Div. de Ciencias Agropecuarias y Marítimas
590 _aALEPH
_b10
_c20130110
_lUCH01
_h1412
590 _aBATCH-UPD
_b10
_c20130110
_lUCH01
_h1634
590 _aBATCH-UPD
_b10
_c20130410
_lUCH01
_h1026
590 _aBATCH-UPD
_b10
_c20130914
_lUCH01
_h1508
590 _aCONVERSION
_b10
_c20130109
_lUCH01
_h1339
650 1 4 _aGanado cabrío
_xAlimentación.
_944990
650 1 4 _aGanado cabrío
_xNuevo León.
_945029
650 1 4 _aLeche de cabra
_xProducción.
_965427
901 _aBK
942 _cTESIS
949 _bBC
_cTES
_d-36077
_eTS1
_h17873
_i82181
_si
999 _c71653
_d71653